| 000 | 00550nam a2200193Ia 4500 | ||
|---|---|---|---|
| 999 |
_c36896 _d36896 |
||
| 003 | OSt | ||
| 005 | 20201218103127.0 | ||
| 008 | 190216s9999||||xx |||||||||||||| ||und|| | ||
| 020 | _a9780070590588 | ||
| 040 | _coclc | ||
| 082 |
_a540.3 _bMCG/D |
||
| 100 |
_aMcGraw Hill _97653 |
||
| 245 | 0 |
_aDictionary Of Chemistry / _cMcGraw Hill |
|
| 250 | _a2nd Ed. | ||
| 260 |
_bTata Mcgraw Hill Publishing Company Ltd, _c2004. _aNew Delhi: |
||
| 300 | _a430p | ||
| 650 | _aReferences | ||
| 942 |
_cREF _2ddc _h540.3 _iMCG/D _k540.3 _mMCG/D |
||